Les Algues roges / Maria Teresa Vernet
Descripción Física:
256 p. ; 17 cm
Colección:
Biblioteca A tot vent ; 72
MARC
| LEADER | 00000nam a2200000Ia 4500 | ||
|---|---|---|---|
| 001 | 12140 | ||
| 008 | 160829s1935 xx 000 0 cat d | ||
| 080 | |a L-1-130 | ||
| 100 | |a Vernet, Maria Teresa |9 46653 | ||
| 245 | |a Les Algues roges / Maria Teresa Vernet | ||
| 250 | |a 2a ed. | ||
| 260 | |a Badalona : |b Proa, |c 1935 | ||
| 300 | |a 256 p. ; |c 17 cm | ||
| 490 | |a Biblioteca A tot vent ; 72 | ||
| 590 | |a Premi Crexells 1934. | ||
| 590 | |a Prové de 4364, exp. 163 | ||
| 901 | |a Arxiu | ||
| 942 | |n 1 | ||
| 952 | |0 0 |1 0 |4 0 |6 L1130 |7 1 |9 53354 |a Arxiu |b Arxiu |d 2016-12-01 |l 0 |o L-1-130 |p 12140 |r 2016-12-01 00:00:00 |w 2016-12-01 |y ARXIU | ||
| 999 | |c 57219 |d 57219 | ||